000 00531nam a2200205Ia 4500
003 0100
008 130303s9999 xx 000 0 und d
040 _cARRUPELIB
050 _aHM291.L38 1967
100 _aLemert, Edwin McCarthy
245 _aHuman deviance, social problems and social control
260 _aEnglewood Cliffs
260 _bPrentice-Hall
260 _C1967
300 _aviii
300 _b 211 p.map.23 cm
440 _aPrentice-Hall sociology series
700 _aEdwin McCarthy Lemert
942 0 0 _01
999 _c37100
_d37100